01484nam a22003617a 4500003000500000005001700005008004100022010001000063011001000073035001000083040000900093090001000102100004400112245022400156260004000380300001900420502010400439590003700543590004100580590004100621590004100662590004200703650003700745650003400782650003300816650003200849650004300881901000700924942001000931949003600941999001700977952012800994CHAP20220329140229.0971013s1982 r 00010 d a48927 a49899 a54049 cCHAP aTesis00aRivera Ayala, Francisco Esteban.997603 aEfecto del fitorregulador ethrel en cuatro difernetes épocas de aplicación (25, 50, 75 y 100 de floración), en el cultivo de melón (Cucumis melo L.) variedad Gusto 45, ciclo primavera verano 1981, Apodaca, N. L. aMonterrey, N. L. :bEl autor,c1982 a69 h.b: ilus. aTesis (Ing. Agr. Esp. en Producción) -- ITESM. División de Ciencias Agropecuarias y Marítimas aALEPHb10c20130110lUCH01h1321 aBATCH-UPDb10c20130110lUCH01h1209 aBATCH-UPDb10c20130410lUCH01h0749 aBATCH-UPDb10c20130914lUCH01h1810 aCONVERSIONb10c20130109lUCH01h132714aAcido cloroetilfosfonico 2.957814aMelónxNuevo León.97447314aMelónxRendimiento.97447714aMelónxVariedades.97448214aPlantasxCrecimientoxAditivos.988804 aBK cTESIS bBCcTESd-119496eTS1i54049si c48927d48927 00102local4051708TESISaBCbBCcPA_TESISd2012-12-17fTESISl0oTesisp-119496r2019-12-31 00:00:00w2019-12-31yTESIS